000 00847nam a2200265 a 4500
001 27406
003 BD-RjUL
005 20211209051142.0
008 860101s1943 enkab b 000 0 eng d
035 _a(BD-RjUL)27479
040 _aDLC
_cNJB
_dOCL
_dBD-RjUL
_beng
041 _aeng
043 _aa------
_af------
082 _a909.09767
_223
_bISL 1943
245 0 0 _aIslam to-day /
_cedited by A. J. Arberry and Rom Landau.
260 _aLondon :
_bFaber and Faber limited,
_c[1943].
300 _a258 p. :
_bplates, fold. map. ;
_c23 cm.
500 _a"First published in Mcmxliii."
504 _aBibliography: p. 286-289. "Biographical notes": p. 240-242.
650 0 _aMuslims.
_9223952
650 0 _aIslam.
_9223953
700 1 _aArberry, A. J. , ed.
_9223954
700 1 _aLandau, Rom,
_d1899-1974, jt. ed.
_9223955
942 _2ddc
_cRAR
999 _c27406
_d27406